000 00784nas a2200253 4500
001 BR9505700
003 BR-BrBNA
005 20231205094438.0
007 ta
008 230509b bl.|||p| |||| 00| 00por d
040 _aBR-BrBNA
_bpor
_cBiblioteca Nacional de Agricultura
041 _a(Pt)
072 _aF30
100 1 _aSilva, F.P. da
100 1 _aSantos, J.H.R. dos
100 1 _aMoreira, J.A.N.
245 1 _aMelhoramento genetico do algodao "Moco", Gossypium hirsutum Marie Galante Hutch, no Estado do Ceara - Brasil
650 _aAlgodao Moco
650 _aMelhoramento Genetico Vegetal
650 _aCeara
773 0 _tCiencia Agronomica (Brazil)
_x
_g(Dec 1972), v. 2(2) p. 91-96
_wBR9505700
909 _a202311
_bLúcia
_c55
_dLúcia Elande
942 _2AGRIS
_n0
_cANA
999 _c144366
_d144366